|
|
|
|
| LEADER |
01606nam a22003737a 4500 |
| 001 |
37540 |
| 003 |
BD-DhAAL |
| 005 |
20211004115448.0 |
| 008 |
211004t2007 gw a 000 0 eng |
| 999 |
|
|
|c 42004
|d 42004
|
| 010 |
|
|
|a 2007930038
|
| 015 |
|
|
|a GBA733751
|2 bnb
|
| 016 |
7 |
|
|a 013736667
|2 Uk
|
| 020 |
|
|
|a 9783540357735 (hbk.)
|
| 020 |
|
|
|a 3540357734 (hbk.)
|
| 035 |
|
|
|a (OCoLC)ocn124026662
|
| 040 |
|
|
|a UKM
|c UKM
|d BTCTA
|d BAKER
|d DLC
|d BD-DhAAL
|
| 042 |
|
|
|a lccopycat
|
| 050 |
0 |
0 |
|a QC794.6.C58
|b S36 2007
|
| 082 |
0 |
4 |
|a 530.12
|2 22
|
| 100 |
1 |
|
|a Schlosshauer, Maximilian A.
|9 42125
|
| 245 |
1 |
0 |
|a Decoherence and the quantum-to-classical transition /
|c Maximilian A. Schlosshauer.
|
| 260 |
|
|
|a Berlin ;
|a London :
|b Springer,
|c c2007.
|
| 300 |
|
|
|a xv, 416 pages :
|b illustrations ;
|c 24 cm.
|
| 526 |
|
|
|a CSE
|
| 541 |
|
|
|a Trim Education
|e 37540, 37541
|
| 650 |
|
0 |
|a Coherence (Nuclear physics)
|9 42126
|
| 650 |
|
0 |
|a Quantum theory
|9 42127
|
| 650 |
|
7 |
|a Computer science.
|9 42128
|
| 830 |
|
|
|a The frontiers collection
|9 42129
|
| 852 |
|
|
|a Ayesha Abed Library
|c General Stacks
|
| 942 |
|
|
|2 ddc
|c BK
|
| 952 |
|
|
|0 0
|1 0
|2 ddc
|4 0
|6 530_120000000000000_SCH
|7 0
|9 69392
|a BRACUL
|b BRACUL
|c GEN
|d 2021-09-13
|e Trim Education
|g 4745.00
|l 2
|m 23
|o 530.12 SCH
|p 3010037541
|r 2025-08-14
|s 2024-11-20
|t 2
|v 4745.00
|w 2021-09-13
|y BK
|x Received during the COVID -19 outbreak vacation
|
| 952 |
|
|
|0 0
|1 0
|2 ddc
|4 0
|6 530_120000000000000_SCH
|7 0
|9 69393
|a BRACUL
|b BRACUL
|c GEN
|d 2021-09-13
|e Trim Education
|g 4745.00
|l 2
|m 10
|o 530.12 SCH
|p 3010037540
|r 2024-11-06
|s 2024-09-17
|t 1
|v 4745.00
|w 2021-09-13
|y BK
|x Received during the COVID -19 outbreak vacation
|